000 00259nam a22001217a 4500
082 _a894.812.3
_bRAM/S
100 _aRAMAN,THENALI
245 _aSWARNAMAMBAZHAM
260 _aTHRISSUR
_bH&C PUBLISHING
300 _a48
650 _aSTORY
_zTHRISSUR
942 _cBK
999 _c6938
_d6938